Aasthana Kolagalam (Record no. 3)
[ view plain ]
| 000 -LEADER | |
|---|---|
| fixed length control field | 00603 a2200217 4500 |
| 010 ## - LIBRARY OF CONGRESS CONTROL NUMBER | |
| LC control number | TML-30166 |
| 020 ## - INTERNATIONAL STANDARD BOOK NUMBER | |
| Terms of availability | 100.00 |
| 035 ## - SYSTEM CONTROL NUMBER | |
| System control number | TM-28402 |
| 037 ## - SOURCE OF ACQUISITION | |
| Source of stock number/acquisition | D.B.Act / pub / |
| 082 ## - DEWEY DECIMAL CLASSIFICATION NUMBER | |
| Classification number | 793.74 |
| 090 ## - LOCALLY ASSIGNED LC-TYPE CALL NUMBER (OCLC); LOCAL CALL NUMBER (OCLC) | |
| -- | 3 |
| -- | 3 |
| 100 ## - MAIN ENTRY--PERSONAL NAME | |
| Personal name | Sathyabama,Ka |
| 245 ## - TITLE STATEMENT | |
| Title | Aasthana Kolagalam |
| Statement of responsibility, etc | Ka. Sathyabama |
| 246 ## - VARYING FORM OF TITLE | |
| Title proper/short title | ஆஸ்தானகோலாகலம் |
| 250 ## - EDITION STATEMENT | |
| Edition statement | 1st ed |
| 260 ## - PUBLICATION, DISTRIBUTION, ETC. (IMPRINT) | |
| Place of publication, distribution, etc | Thanjavur |
| Name of publisher, distributor, etc | Saraswathi Mahal Noolagam |
| Date of publication, distribution, etc | 2004 |
| 300 ## - PHYSICAL DESCRIPTION | |
| Extent | 314p |
| Dimensions | 22cm |
| 650 ## - SUBJECT ADDED ENTRY--TOPICAL TERM | |
| Topical term or geographic name as entry element | Mathematics |
| 942 ## - ADDED ENTRY ELEMENTS (KOHA) | |
| Koha item type | Tamil Bks |
| Call number prefix | 793.74 / SAT |
| Withdrawn status | Lost status | Source of classification or shelving scheme | Damaged status | Not for loan | Home library | Current library | Cost, normal purchase price | Total Checkouts | Barcode | Date last seen | Copy number | Uniform Resource Identifier | Cost, replacement price | Price effective from | Koha item type |
|---|---|---|---|---|---|---|---|---|---|---|---|---|---|---|---|
| Dewey Decimal Classification | Not For Loan | D.B.Act.Division | D.B.Act.Division | 100.00 | TM-28402 | 15/09/2008 | 1 | 3 | 100.00 | 15/09/2008 | Tamil Bks |
